<?xml version="1.0" encoding="UTF-8"?><?xml-stylesheet type="text/xsl" href="static/style.xsl"?><OAI-PMH xmlns="http://www.openarchives.org/OAI/2.0/" xmlns:xsi="http://www.w3.org/2001/XMLSchema-instance" xsi:schemaLocation="http://www.openarchives.org/OAI/2.0/ http://www.openarchives.org/OAI/2.0/OAI-PMH.xsd"><responseDate>2026-04-13T06:48:27Z</responseDate><request verb="GetRecord" identifier="oai:www.recercat.cat:2117/404198" metadataPrefix="marc">https://recercat.cat/oai/request</request><GetRecord><record><header><identifier>oai:recercat.cat:2117/404198</identifier><datestamp>2026-01-28T01:45:17Z</datestamp><setSpec>com_2072_1033</setSpec><setSpec>col_2072_452950</setSpec></header><metadata><record xmlns="http://www.loc.gov/MARC21/slim" xmlns:dcterms="http://purl.org/dc/terms/" xmlns:xsi="http://www.w3.org/2001/XMLSchema-instance" xmlns:doc="http://www.lyncode.com/xoai" xsi:schemaLocation="http://www.loc.gov/MARC21/slim http://www.loc.gov/standards/marcxml/schema/MARC21slim.xsd">
   <leader>00925njm 22002777a 4500</leader>
   <datafield ind2=" " ind1=" " tag="042">
      <subfield code="a">dc</subfield>
   </datafield>
   <datafield ind2=" " ind1=" " tag="720">
      <subfield code="a">Parra Arnau, Javier</subfield>
      <subfield code="e">author</subfield>
   </datafield>
   <datafield ind2=" " ind1=" " tag="260">
      <subfield code="c">2018-01</subfield>
   </datafield>
   <datafield ind2=" " ind1=" " tag="520">
      <subfield code="a">Very recently, we are witnessing the emergence of a number of start-ups that enables individuals to sell their private data directly to brokers and businesses. While this new paradigm may shift the balance of power between individuals and companies that harvest and mine data, it raises some practical, fundamental questions for users of these services: how they should decide which data must be vended and which data protected, and what a good deal is. In this work, we investigate a mechanism that aims at helping users address these questions. The investigated mechanism relies on a hard-privacy model and allows users to share partial or complete profile data with broker and data-mining companies in exchange for an economic reward. The theoretical analysis of the trade-off between privacy and money posed by such mechanism is the object of this work. We adopt a generic measure of privacy although part of our analysis focuses on some important examples of Bregman divergences. We find a parametric solution to the problem of optimal exchange of privacy for money, and obtain a closed-form expression and characterize the trade-off between profile-disclosure risk and economic reward for several interesting cases. Finally, we evaluate experimentally how our approach could contribute to privacy protection in a real-world data-brokerage scenario.</subfield>
   </datafield>
   <datafield ind2=" " ind1=" " tag="520">
      <subfield code="a">This work was partly funded by the European Commission through the H2020 project “CLARUS”, as well as by the Spanish Ministry of Economy and Competitiveness (MINECO) through the project “Sec-MCloud”, ref. TIN2016- 80250-R. J. Parra-Arnau is the recipient of a Juan de la Cierva postdoctoral fellowship, FJCI-2014-19703, from the MINECO</subfield>
   </datafield>
   <datafield ind2=" " ind1=" " tag="520">
      <subfield code="a">Postprint (author's final draft)</subfield>
   </datafield>
   <datafield tag="653" ind2=" " ind1=" ">
      <subfield code="a">Àrees temàtiques de la UPC::Informàtica</subfield>
   </datafield>
   <datafield tag="653" ind2=" " ind1=" ">
      <subfield code="a">Data protection.</subfield>
   </datafield>
   <datafield tag="653" ind2=" " ind1=" ">
      <subfield code="a">User privacy</subfield>
   </datafield>
   <datafield tag="653" ind2=" " ind1=" ">
      <subfield code="a">Disclosure risk</subfield>
   </datafield>
   <datafield tag="653" ind2=" " ind1=" ">
      <subfield code="a">Data brokers</subfield>
   </datafield>
   <datafield tag="653" ind2=" " ind1=" ">
      <subfield code="a">Disclosure-money trade-off</subfield>
   </datafield>
   <datafield tag="653" ind2=" " ind1=" ">
      <subfield code="a">Protecció de dades</subfield>
   </datafield>
   <datafield ind2="0" ind1="0" tag="245">
      <subfield code="a">Optimized, direct sale of privacy in personal data marketplaces</subfield>
   </datafield>
</record></metadata></record></GetRecord></OAI-PMH>